The fabry-perot interferometer (Record no. 9717)

MARC details
000 -LEADER
fixed length control field 00647nam a2200205Ia 4500
003 - CONTROL NUMBER IDENTIFIER
control field IN-BaIIA
008 - FIXED-LENGTH DATA ELEMENTS--GENERAL INFORMATION
fixed length control field 211028s9999 xx 000 0 eng d
020 ## - INTERNATIONAL STANDARD BOOK NUMBER
International Standard Book Number 0-85274-138-3
040 ## - CATALOGING SOURCE
Transcribing agency IIA Library
080 ## - UNIVERSAL DECIMAL CLASSIFICATION NUMBER
Universal Decimal Classification number 520.362
Item number VAU
100 ## - MAIN ENTRY--PERSONAL NAME
Personal name Vaughan, J. M.
9 (RLIN) 16432
245 #4 - TITLE STATEMENT
Title The fabry-perot interferometer
Statement of responsibility, etc. J. M. Vaughan
260 ## - PUBLICATION, DISTRIBUTION, ETC.
Place of publication, distribution, etc. Bristol
Name of publisher, distributor, etc. Adam Hilger
Date of publication, distribution, etc. 1989
300 ## - PHYSICAL DESCRIPTION
Extent xix, 583p.
490 ## - SERIES STATEMENT
Series statement The Adam Hilger series on optics and optoelectronics
650 ## - SUBJECT ADDED ENTRY--TOPICAL TERM
Topical term or geographic name entry element Astronomy and astrophysics thesaurus
650 ## - SUBJECT ADDED ENTRY--TOPICAL TERM
Topical term or geographic name entry element Fabry-Perot
9 (RLIN) 14583
650 ## - SUBJECT ADDED ENTRY--TOPICAL TERM
Topical term or geographic name entry element Interferometers
9 (RLIN) 2643
942 ## - ADDED ENTRY ELEMENTS (KOHA)
Koha item type Books
Holdings
Withdrawn status Lost status Damaged status Not for loan Home library Current library Shelving location Date acquired Total Checkouts Full call number Barcode Date last seen Date last checked out Price effective from Koha item type
        IIA Library-Bangalore IIA Library-Bangalore General Stacks   1 520.362/ VAU 10627 21/05/2026 26/03/2026   Books

Powered by Koha